<?xml version="1.0" encoding="UTF-8"?>
<record
    xmlns:xsi="http://www.w3.org/2001/XMLSchema-instance"
    xsi:schemaLocation="http://www.loc.gov/MARC21/slim http://www.loc.gov/standards/marcxml/schema/MARC21slim.xsd"
    xmlns="http://www.loc.gov/MARC21/slim">

  <leader>01742nam a22002297a 4500</leader>
  <controlfield tag="001">6827</controlfield>
  <controlfield tag="003">FISKH</controlfield>
  <controlfield tag="005">20250529155957.0</controlfield>
  <controlfield tag="008">250529b        cb ||||| |||| 00| 0 eng d</controlfield>
  <datafield tag="020" ind1=" " ind2=" ">
    <subfield code="a">9789996332920</subfield>
  </datafield>
  <datafield tag="040" ind1=" " ind2=" ">
    <subfield code="a">FISKH</subfield>
    <subfield code="b">khr</subfield>
    <subfield code="c">FISKH</subfield>
    <subfield code="d">FISKH</subfield>
  </datafield>
  <datafield tag="082" ind1=" " ind2=" ">
    <subfield code="a">291.13</subfield>
  </datafield>
  <datafield tag="100" ind1=" " ind2=" ">
    <subfield code="a">Siv, Song</subfield>
  </datafield>
  <datafield tag="245" ind1=" " ind2=" ">
    <subfield code="a"> &#x1794;&#x17D2;&#x179A;&#x1787;&#x17BB;&#x17C6;&#x1793;&#x17B7;&#x1791;&#x17B6;&#x1793;&#x1787;&#x17B6;&#x178F;&#x1780; :</subfield>
    <subfield code="b">&#x179B;&#x17C6;&#x1793;&#x17B6;&#x17C6;&#x179A;&#x17BF;&#x1784;&#x1791;&#x17C1;&#x179F;&#x1793;&#x17B6;&#x200B; &#x1797;&#x17B6;&#x1782;&#x200B;&#x17E2; /</subfield>
    <subfield code="c">&#x179F;&#x17B7;&#x1791;&#x17D2;&#x1792;&#x178F;&#x17D2;&#x1790;&#x1794;&#x178E;&#x17D2;&#x178C;&#x17B7;&#x178F; &#x179F;&#x17BB;&#x1784; &#x179F;&#x17BB;&#x17B8;&#x179C;&#x200B; &#x179A;&#x17C0;&#x1794;&#x179A;&#x17C0;&#x1784;&#x1787;&#x17B6;&#x1798;&#x17BD;&#x1799; &#x1796;&#x17D2;&#x179A;&#x17C7;&#x1798;&#x17A0;&#x17B6; &#x179F;&#x17C6; &#x179F;&#x17BB;&#x1781; &#x179F;&#x17B6;&#x179F;&#x17D2;&#x179A;&#x17D2;&#x178F;&#x17B6;&#x1785;&#x17B6;&#x179A;&#x17D2;&#x1799;&#x179F;&#x17B6;&#x179B;&#x17B6;&#x1794;&#x17B6;&#x179B;&#x17B8;&#x179C;&#x178F;&#x17D2;&#x178F;&#x179B;&#x1784;&#x17D2;&#x1780;&#x17B6;&#x200B;</subfield>
  </datafield>
  <datafield tag="260" ind1=" " ind2=" ">
    <subfield code="a">Phnom Penh : </subfield>
    <subfield code="b">IBC , </subfield>
    <subfield code="c">2002.</subfield>
  </datafield>
  <datafield tag="300" ind1=" " ind2=" ">
    <subfield code="a">132 pages : </subfield>
    <subfield code="b">illustrations ; </subfield>
    <subfield code="c">20 cm .</subfield>
  </datafield>
  <datafield tag="520" ind1=" " ind2=" ">
    <subfield code="a">&#x179F;&#x17C0;&#x179C;&#x1797;&#x17C5;&#x1793;&#x17C1;&#x17C7;&#x1795;&#x17D2;&#x178F;&#x179B;&#x17CB;&#x1793;&#x17BC;&#x179C;&#x1780;&#x17B6;&#x179A;&#x179A;&#x17C0;&#x1794;&#x179A;&#x17C0;&#x1784;&#x179A;&#x17BF;&#x1784;&#x1787;&#x17B6;&#x178F;&#x1780;&#x178A;&#x17C2;&#x179B;&#x1798;&#x17B6;&#x1793;&#x179B;&#x17C6;&#x1793;&#x17B6;&#x17C6;&#x179F;&#x17B6;&#x179F;&#x1793;&#x17B6; &#x178A;&#x17C2;&#x179B;&#x1787;&#x17B6;&#x17A2;&#x178F;&#x17D2;&#x1790;&#x1794;&#x1791;&#x179F;&#x1784;&#x17D2;&#x1781;&#x17C1;&#x1794;&#x1793;&#x17C3;&#x1782;&#x1798;&#x17D2;&#x1796;&#x17B8;&#x179A;&#x1796;&#x17D2;&#x179A;&#x17C7;&#x178F;&#x17D2;&#x179A;&#x17C3;&#x1794;&#x17B7;&#x178A;&#x1780;&#x17D4; &#x179C;&#x17B6;&#x1787;&#x17BD;&#x1799;&#x1794;&#x1784;&#x17D2;&#x17A0;&#x17B6;&#x1789;&#x1796;&#x17B8;&#x1782;&#x17C4;&#x179B;&#x1780;&#x17B6;&#x179A;&#x178E;&#x17CD;&#x1793;&#x17C3;&#x1796;&#x17D2;&#x179A;&#x17C7;&#x1796;&#x17BB;&#x1791;&#x17D2;&#x1792;&#x179F;&#x17B6;&#x179F;&#x1793;&#x17B6;&#x178A;&#x17C4;&#x1799;&#x1794;&#x17D2;&#x179A;&#x17BE;&#x179A;&#x17BF;&#x1784;&#x179A;&#x17C9;&#x17B6;&#x179C;&#x178A;&#x17C2;&#x179B;&#x1798;&#x17B6;&#x1793;&#x17A2;&#x178F;&#x17D2;&#x1790;&#x1793;&#x17D0;&#x1799;&#x1787;&#x17B6;&#x17A2;&#x1792;&#x17B7;&#x1794;&#x17D2;&#x1794;&#x17B6;&#x1799;&#x179F;&#x1798;&#x17D2;&#x179A;&#x17B6;&#x1794;&#x17CB;&#x1780;&#x17B6;&#x179A;&#x1794;&#x1784;&#x17D2;&#x179A;&#x17C0;&#x1793; &#x1793;&#x17B7;&#x1784;&#x1780;&#x17B6;&#x179A;&#x1799;&#x179B;&#x17CB;&#x178A;&#x17B9;&#x1784;&#x17D4;</subfield>
  </datafield>
  <datafield tag="520" ind1=" " ind2=" ">
    <subfield code="a">This book presents a collection of Jataka stories with religious themes, serving as summarized content from the Tipitaka scriptures. It helps illustrate the principles of Buddhism through meaningful narratives that serve as explanations for teaching and understanding.</subfield>
  </datafield>
  <datafield tag="650" ind1=" " ind2=" ">
    <subfield code="a">&#x1794;&#x17D2;&#x179A;&#x1787;&#x17BB;&#x17C6;&#x1793;&#x17B7;&#x1791;&#x17B6;&#x1793;&#x1787;&#x17B6;&#x178F;&#x1780;&#x200B;</subfield>
  </datafield>
  <datafield tag="942" ind1=" " ind2=" ">
    <subfield code="2">ddc</subfield>
    <subfield code="c">BK</subfield>
    <subfield code="n">0</subfield>
  </datafield>
  <datafield tag="999" ind1=" " ind2=" ">
    <subfield code="c">6827</subfield>
    <subfield code="d">6827</subfield>
  </datafield>
  <datafield tag="952" ind1=" " ind2=" ">
    <subfield code="0">0</subfield>
    <subfield code="1">0</subfield>
    <subfield code="2">ddc</subfield>
    <subfield code="4">0</subfield>
    <subfield code="7">0</subfield>
    <subfield code="8">REF</subfield>
    <subfield code="a">002</subfield>
    <subfield code="b">002</subfield>
    <subfield code="c">LSHTTP</subfield>
    <subfield code="d">2025-05-29</subfield>
    <subfield code="l">0</subfield>
    <subfield code="o">SIV 291.13</subfield>
    <subfield code="p">2025-1445</subfield>
    <subfield code="r">2025-05-29 15:59:53</subfield>
    <subfield code="w">2025-05-29</subfield>
    <subfield code="y">BK</subfield>
  </datafield>
</record>
